Estadísticas para Top 10 Lenguajes más Hablados en Europa

Haz click aquí para tomar la prueba!

Estadísticas generales

  • Esta prueba ha sido tomada 4.312 veces
  • La puntuación promedio es 8 de 10

Estadísticas de respuestas

Hablantes nativosLenguaje% Correcto
45,000,000Español
99%
66,700,000Francés
98%
59,800,000Inglés
98%
95,000,000Alemán
97%
60,000,000Italiano
95%
95,000,000Ruso
93%
38,600,000Polaco
73%
23,800,000Rumano
63%
21,900,000Neerlandés
58%
32,600,000Ucraniano
55%

Distribución de puntuación

Porcentaje por número respondido

Porcentaje de gente con cada puntuación

Historial de tus puntuaciones

No has tomado esta prueba